| 000 | 00659nam a2200193 a 4500 | ||
|---|---|---|---|
| 001 | 000014996 | ||
| 005 | 20200929163932.0 | ||
| 008 | 100128s1963 sp 000 0 spa d | ||
| 040 |
_aDO-SdBNP _bspa _cBNPHU |
||
| 082 |
_a868.6 _bV453e |
||
| 100 | 1 |
_aVendrell V., José Miguel, _933950 |
|
| 245 | 1 | 0 |
_aEspirales... : _bbosquejos filosóficos y literarios / _cJosé Miguel Vendrell V. |
| 260 |
_aMadrid : _bIberoamericanas, _c1963. |
||
| 300 |
_a300 p. ; _c20 cm. |
||
| 590 | _aLa biblioteca posee un ejemplar autobiografiado por el autor. | ||
| 650 | 4 |
_aLiteratos españoles _xRelatos personales _933951 |
|
| 650 | 4 |
_aLiteratura española _9632 |
|
| 049 | _aBNGR | ||
| 999 |
_c14569 _d14569 |
||